Civil engineering PE practice exams : (Record no. 531982)

000 -LEADER
fixed length control field 01880cam a22003855a 4500
001 - CONTROL NUMBER
control field 18442538
003 - CONTROL NUMBER IDENTIFIER
control field NUST
005 - DATE AND TIME OF LATEST TRANSACTION
control field 20191105151441.0
008 - FIXED-LENGTH DATA ELEMENTS--GENERAL INFORMATION
fixed length control field 150108s2012 nyua 000 0 eng d
010 ## - LIBRARY OF CONGRESS CONTROL NUMBER
LC control number 2015655009
016 7# - NATIONAL BIBLIOGRAPHIC AGENCY CONTROL NUMBER
Record control number 015973496
Source Uk
020 ## - INTERNATIONAL STANDARD BOOK NUMBER
International Standard Book Number 9780071777117 (pbk. : alk. paper)
020 ## - INTERNATIONAL STANDARD BOOK NUMBER
International Standard Book Number 0071777113 (pbk. : alk. paper)
035 ## - SYSTEM CONTROL NUMBER
System control number (OCoLC)ocn748332965
038 ## - RECORD CONTENT LICENSOR
Staff Name MSOHAIL
040 ## - CATALOGING SOURCE
Original cataloging agency BTCTA
Language of cataloging eng
Transcribing agency BTCTA
Modifying agency UKMGB
-- CDT
-- BDX
-- YDXCP
-- BWX
-- CDX
-- NTE
-- CGP
-- OCLCQ
-- DLC
042 ## - AUTHENTICATION CODE
Authentication code lccopycat
043 ## - GEOGRAPHIC AREA CODE
Geographic area code n-us---
050 00 - LIBRARY OF CONGRESS CALL NUMBER
Classification number TA159
Item number .G58 2012
082 04 - DEWEY DECIMAL CLASSIFICATION NUMBER
Classification number 624.076
Edition number 23
100 1# - MAIN ENTRY--PERSONAL NAME
Personal name Goswami, Indranil.
9 (RLIN) 25213
245 10 - TITLE STATEMENT
Title Civil engineering PE practice exams :
Remainder of title breadth and depth /
Statement of responsibility, etc. Indranil Goswami.
246 14 - VARYING FORM OF TITLE
Title proper/short title All-in-one civil engineering PE practice exams, breadth and depth
260 ## - PUBLICATION, DISTRIBUTION, ETC.
Place of publication, distribution, etc. New York :
Name of publisher, distributor, etc. McGraw-Hill,
Date of publication, distribution, etc. ©2012.
300 ## - PHYSICAL DESCRIPTION
Extent xiii, 334 pages :
Other physical details illustrations ;
Dimensions 28 cm
336 ## - CONTENT TYPE
Content type term text
Content type code txt
Source rdacontent
337 ## - MEDIA TYPE
Media type term unmediated
Media type code n
Source rdamedia
338 ## - CARRIER TYPE
Carrier type term volume
Carrier type code nc
Source rdacarrier
520 ## - SUMMARY, ETC.
Summary, etc. This book contains 280 questions divided into seven 40-question clusters. There are two breadth exams representative of the NCEES guidelines for the principles and practice of civil engineering. These exams are followed by five depth exams: structural depth; geotechnical depth; water resources and environmental depth; transportation depth; and construction depth. Detailed solutions for all of these exams are provided --
Assigning source Source other than Library of Congress.
650 #0 - SUBJECT ADDED ENTRY--TOPICAL TERM
Topical term or geographic name entry element Civil engineers
General subdivision Certification
Geographic subdivision United States
Form subdivision Study guides.
9 (RLIN) 25214
650 #0 - SUBJECT ADDED ENTRY--TOPICAL TERM
Topical term or geographic name entry element Civil engineering
General subdivision Examinations
Form subdivision Study guides.
9 (RLIN) 25215
906 ## - LOCAL DATA ELEMENT F, LDF (RLIN)
a 7
b cbc
c copycat
d 3
e ncip
f 20
g y-gencatlg
942 ## - ADDED ENTRY ELEMENTS (KOHA)
Source of classification or shelving scheme
Koha item type Book
Holdings
Withdrawn status Lost status Source of classification or shelving scheme Damaged status Not for loan Permanent Location Current Location Date acquired Total Checkouts Total Renewals Full call number Barcode Checked out Date last seen Date last checked out Price effective from Koha item type
          School of Civil and Environmental Engineering (SCEE) School of Civil and Environmental Engineering (SCEE) 11/05/2019 1 1 624.076 NIT-11898 05/26/2025 09/05/2024 09/05/2024 11/05/2019 Book
© 2023 Central Library, National University of Sciences and Technology. All Rights Reserved.